| 000 | 00701nam a2200181Ia 4500 | ||
|---|---|---|---|
| 003 | GCL | ||
| 008 | 140319s9999 xx 000 0 ara d | ||
| 040 |
_aGCL / _cGCL |
||
| 082 | 0 | 4 |
_a382.3 _bج ع |
| 100 | 1 | _aذوقان قرقوط | |
| 245 | 1 | 0 |
_aالعالم الثالث فى الاقتصاد العالمى?: الاستغلال الامبريالى(هدية من الاديب عبدالفتاح الجمل) / _cذوقان قرقوط |
| 700 | 1 | _aجاليه، بيير | |
| 300 | _a287 ص | ||
| 490 |
_aالهيئة العامة للاستعلامات _v0 |
||
| 650 | 0 | 4 | _aالتجارة الخارجية |
| 650 | 0 | 4 | _aالعالم الثالث - الاحوال الاقتصاد |
| 942 |
_2ddc _cBK |
||
| 999 |
_c47145 _d47145 |
||